000 00469nam a22001697a 4500
005 20230821101205.0
008 230817b |||||||| |||| 00| 0 eng d
020 _a978-81-312-5773-9
041 _aeng
082 _a612 HAL-G
100 _a HALL,JOHN E. AND HALL, MICHAEL E.
_98070
245 _aGUYTON AND HALL TEXTBOOK OF MEDICAL PHYSIOLOGY THIRD SOUTH ASIA EDITION
260 _aLONDON
_bELSEVIER
_c2020
300 _a1011;p
650 _aBPT
_98071
942 _cBK
999 _c8369
_d8367